000 00651nam a2200205Ia 4500
003 GCL
008 140319s9999 xx 000 0 ara d
040 _aGCL /
_cGCL
082 0 4 _a541
_bع ك
100 1 _aعبدالحميد رجب
245 1 0 _aالكيمياء الفيزياوية /
_cعبدالحميد رجب
700 1 _aعصام عبدالهادى عبدالله
260 _a[S.N] :
_bدار التقني للطباعة والنشر ،
_c1989
490 _a
650 0 4 _aالكيمياء
650 0 4 _aالفيزياء
650 0 4 _aالكيمياء الفيزيائية
650 0 4 _aدرجة الانصهار
942 _2ddc
_cBK
999 _c31455
_d31455